00585nam a2200205 a 450000500170000000800410001702000220005805000210008010000250010124500400012625000120016626000720017830000210025052100080027165000130027965000160029270000260030870000210033470000240035520140310183502.0100922s19uu xx 00 eng d a978-981-06-9942-0 aQP 36b.M42 2007 aMartini, Frederic H. aEssentials of anatomy & physiology. a4th ed. aJurong, Singapore :bPearson Education South Asia, PTE, LTD,c2009. a673 p. :c27 cm. aNUR aAnatomy. aPhysiology. aBartholomew, Edwin F. aOber, William C. aGarrison, Claire W.